Sinh học đại cương

Sách trình bày các kiến thức cơ bản có hệ thống về sinh học ở các mức độ phân tử, tế bào, cơ thể và quần thể. Ngoài ra sách còn giới thiệu các thành tựu phát triển gần đây của Sinh học trên thế giới và Việt Nam. Sách dùng làm tài...

Descripción completa

Guardado en:
Detalles Bibliográficos
Autor principal: Phan, Cự Nhân
Formato: Libro
Lenguaje:Undetermined
Publicado: Hà Nội Đại học sư phạm 2004
Materias:
Etiquetas: Agregar Etiqueta
Sin Etiquetas, Sea el primero en etiquetar este registro!
Thư viện lưu trữ: Trung tâm Học liệu Trường Đại học Cần Thơ
LEADER 01337nam a2200229Ia 4500
001 CTU_99445
008 210402s9999 xx 000 0 und d
020 |c 40000 
082 |a 570.7 
082 |b Nh121/T1 
100 |a Phan, Cự Nhân 
245 0 |a Sinh học đại cương 
245 0 |c Phan Cự Nhân (chủ biên) ...[et al.] 
260 |a Hà Nội 
260 |b Đại học sư phạm 
260 |c 2004 
520 |a Sách trình bày các kiến thức cơ bản có hệ thống về sinh học ở các mức độ phân tử, tế bào, cơ thể và quần thể. Ngoài ra sách còn giới thiệu các thành tựu phát triển gần đây của Sinh học trên thế giới và Việt Nam. Sách dùng làm tài liệu học tập nghiên cứu và tham khảo ở các hệ nghiên cứu sinh, hệ thạc sĩ, hệ Đại học thuộc các trường Đại học, các viện có giảng dạy và nghiên cứu Sinh học; bồi dưỡng cho giáo viên học sinh các trường cao đẳng và PTTH 
526 |a Sinh học cơ thể 
526 |b SG448 
650 |a Cytology,Biology 
904 |i Tuyến 
980 |a Trung tâm Học liệu Trường Đại học Cần Thơ